Principles of measurement systems

Bibliographic Details
Main Author: Bentley, John P. , 1943- (Author)
Format: Book
Published: Essex, Eng. : New York : Longman Scientific & Technical ; John Wiley, , 1988
Edition:2nd ed.
Subjects:

MARC

LEADER 00000cam a2200000 7i4500
001 0000028186
005 20160727093000.0
008 021119n
020 |a 0582305438 
090 0 0 |a QC53   |b .B44 1988 
100 0 |a Bentley, John P. ,   |d 1943- ,   |e author 
245 0 0 |a Principles of measurement systems   |c John P. Bentley 
250 |a 2nd ed. 
260 2 |a Essex, Eng. :   |b Longman Scientific & Technical ;   |a New York :   |b John Wiley, ,   |c 1988 
300 |a xiv, 503 p. ; ;   |c 24 cm. 
504 |a Includes index 
650 0 |a Automatic control 
650 0 |a Engineering instruments 
650 0 |a Physical instruments 
650 0 |a Physical measurements 
999 |a 1000046050   |b Book   |c OPEN SHELF (30 DAYS)   |e Gong Badak Campus